[Event "WC-2020-S-00004"]
[Site "LSS email"]
[Date "2020.04.01"]
[Round "?"]
[White "Szczepanski, Zbigniew"]
[Black "Mueller, Klaus"]
[Result "1/2-1/2"]
[WhiteElo "2413"]
[BlackElo "2460"]
[PlyCount "57"]
[EventDate "2020.04.01"]
[EventType "tourn (corr)"]
[EventRounds "12"]
[EventCountry "GER"]
[SourceTitle "Corr 2022"]
[Source "ChessBase"]
[SourceDate "2021.10.24"]
[SourceVersion "1"]
[SourceVersionDate "2021.10.24"]
[SourceQuality "1"]

1. d4 Nf6 2. c4 g6 3. f3 e6 4. Nc3 c5 5. d5 d6 6. e4 Bg7 7. Be3 exd5 8. cxd5 0-0 9. Qd2 a6 10. a4 Re8 11. Be2 h5 12. Ra3 b6 13. Nh3 Bxh3 14. gxh3 Nbd7 15. 0-0 Nh7 16. Kg2 Qe7 17. Rg1 Rec8 18. Bc4 Ne5 19. Be2 Nf6 20. Kh1 b5 21. axb5 axb5 22. Nxb5 Qd7 23. Bf4 Rxa3 24. Nxa3 Qxh3 25. Rg3 Qd7 26. Bxe5 dxe5 27. Rg1 Rd8 28. Bb5 Qb7 29. Qe3 1/2-1/2

[Event "WC-2020-T-00001"]
[Site "LSS email"]
[Date "2020.02.14"]
[Round "?"]
[White "Kireev, Sergey Ivanovich"]
[Black "Mueller, Klaus"]
[Result "1/2-1/2"]
[WhiteElo "2389"]
[BlackElo "2455"]
[PlyCount "81"]
[EventDate "2020.02.14"]
[EventType "tourn (corr)"]
[EventRounds "10"]
[EventCountry "GER"]
[SourceTitle "Corr 2022"]
[Source "ChessBase"]
[SourceDate "2021.10.24"]
[SourceVersion "1"]
[SourceVersionDate "2021.10.24"]
[SourceQuality "1"]

1. e4 c5 2. Nf3 Nc6 3. Nc3 Nf6 4. Bb5 Qc7 5. 0-0 Nd4 6. Re1 a6 7. Bf1 Ng4 8. g3 Nxf3+ 9. Qxf3 Ne5 10. Qe3 e6 11. Bg2 d6 12. d4 cxd4 13. Qxd4 Nc6 14. Qc4 Bd7 15. Nd5 Qd8 16. Qe2 Rc8 17. Ne3 Qc7 18. Rd1 Be7 19. Qd2 0-0 20. b3 Rfd8 21. Bb2 b5 22. c4 Be8 23. Rac1 Qa7 24. Qe2 Ne5 25. f4 Nd7 26. Bc3 bxc4 27. Bd4 Qb8 28. Nxc4 Nf6 29. Nb6 Rxc1 30. Rxc1 Bb5 31. Qc2 e5 32. Bf2 Re8 33. fxe5 Ng4 34. Nc8 Nxf2 35. Nxe7+ Rxe7 36. Qc8+ Re8 37. Qxb8 Rxb8 38. Kxf2 dxe5 39. Bf3 Kf8 40. Rc7 Rb6 41. h4 1/2-1/2

[Event "WC-2020-T-00001"]
[Site "LSS email"]
[Date "2020.02.14"]
[Round "?"]
[White "Mueller, Klaus"]
[Black "Kireev, Sergey Ivanovich"]
[Result "1/2-1/2"]
[WhiteElo "2455"]
[BlackElo "2389"]
[PlyCount "88"]
[EventDate "2020.02.14"]
[EventType "tourn (corr)"]
[EventRounds "10"]
[EventCountry "GER"]
[SourceTitle "Corr 2022"]
[Source "ChessBase"]
[SourceDate "2021.10.24"]
[SourceVersion "1"]
[SourceVersionDate "2021.10.24"]
[SourceQuality "1"]

1. d4 d5 2. c4 c6 3. Nf3 Nf6 4. Nc3 e6 5. Bg5 h6 6. Bh4 dxc4 7. e4 g5 8. Bg3 b5 9. Be2 Bb7 10. h4 g4 11. Ne5 Nbd7 12. Nxd7 Qxd7 13. Be5 Qe7 14. b3 Rg8 15. Qc2 Nd7 16. Bg3 b4 17. Na4 c3 18. a3 a5 19. 0-0 h5 20. Rfd1 Bh6 21. Bc4 Rg6 22. e5 Rd8 23. Bd3 Rg8 24. axb4 axb4 25. Qe2 Kf8 26. Bh7 Rh8 27. Bc2 c5 28. Qb5 Bd5 29. Nxc5 Nxc5 30. dxc5 Bd2 31. Qxb4 Rc8 32. Bf4 Qxc5 33. Qxc5+ Rxc5 34. Bxd2 cxd2 35. Rxd2 Kg7 36. b4 Rb5 37. Rb1 Rhb8 38. Rd4 Ba8 39. Bd3 Rxe5 40. b5 f5 41. b6 Kf6 42. Rd7 Rd5 43. Rxd5 Bxd5 44. Ba6 Ke5 1/2-1/2

[Event "WC-2019-S-00001"]
[Site "LSS email"]
[Date "2019.08.28"]
[Round "?"]
[White "Mueller, Klaus"]
[Black "Bubir, Alex"]
[Result "1/2-1/2"]
[WhiteElo "2450"]
[BlackElo "2496"]
[PlyCount "76"]
[EventDate "2019.09.01"]
[EventType "tourn (corr)"]
[EventRounds "12"]
[EventCountry "GER"]
[SourceTitle "Corr 2024"]
[Source "ChessBase"]
[SourceDate "2023.10.19"]
[SourceVersion "1"]
[SourceVersionDate "2023.10.19"]
[SourceQuality "1"]

1. d4 Nf6 2. c4 e6 3. Nf3 d5 4. Nc3 c6 5. Bg5 Be7 6. e3 Nbd7 7. Rc1 0-0 8. Bd3 h6 9. Bh4 dxc4 10. Bxc4 b5 11. Bd3 a6 12. a4 Bb7 13. 0-0 Rc8 14. Qe2 Nh5 15. Bxe7 Qxe7 16. Ne5 Nhf6 17. Rfd1 Rfd8 18. f4 c5 19. axb5 axb5 20. Nxb5 cxd4 21. Rxc8 Rxc8 22. Nxd7 Nxd7 23. Nxd4 Nf6 24. h3 g6 25. Ba6 Rb8 26. Bxb7 Qxb7 27. b3 Rc8 28. Qd3 Qb6 29. Qb5 Qxb5 30. Nxb5 Nd5 31. Kf2 Rc5 32. Nd4 Rc3 33. Re1 Rd3 34. g3 h5 35. Kf3 Nxe3 36. Rxe3 Rxd4 37. h4 Kg7 38. Re4 Rd3+ 1/2-1/2

[Event "WC-2019-S-00001"]
[Site "LSS email"]
[Date "2019.08.28"]
[Round "?"]
[White "Tsygankov, Evgeny"]
[Black "Mueller, Klaus"]
[Result "1/2-1/2"]
[WhiteElo "2482"]
[BlackElo "2450"]
[PlyCount "112"]
[EventDate "2019.09.01"]
[EventType "tourn (corr)"]
[EventRounds "12"]
[EventCountry "GER"]
[SourceTitle "Corr 2024"]
[Source "ChessBase"]
[SourceDate "2023.10.19"]
[SourceVersion "1"]
[SourceVersionDate "2023.10.19"]
[SourceQuality "1"]

1. d4 d5 2. c4 c6 3. Nf3 Nf6 4. Nc3 dxc4 5. a4 e6 6. e3 c5 7. Bxc4 cxd4 8. exd4 Nc6 9. 0-0 Be7 10. Qe2 0-0 11. Rd1 Nb4 12. a5 Bd7 13. h3 Rc8 14. Ne5 Bc6 15. a6 b6 16. Bb3 Nbd5 17. Rd3 Ba8 18. Nb5 Rxc1+ 19. Rxc1 Nf4 20. Qe1 Bb4 21. Qxb4 Ne2+ 22. Kh2 Nxc1 23. Rc3 Nxb3 24. Qxb3 Nd5 25. Rc2 Ne7 26. Qc4 Be4 27. Rc1 Nf5 28. Rc3 Qg5 29. Nf3 Qe7 30. Qc7 Qxc7+ 31. Rxc7 Bd3 32. Nc3 Bxa6 33. Rxa7 Bc4 34. g4 Nd6 35. Ne5 Bb5 36. Re7 Bf1 37. Kg3 Nc4 38. Ne4 h6 39. h4 Rd8 40. Nxf7 Rxd4 41. f3 Bd3 42. b3 Kf8 43. Rc7 Na5 44. Nf2 Bg6 45. Ne5 Be8 46. Nfd3 Rd5 47. Rc3 g5 48. h5 Bb5 49. f4 Nc6 50. Nxc6 Rxd3+ 51. Rxd3 gxf4+ 52. Kxf4 Bxd3 53. Ne5 Bc2 54. b4 Kg7 55. Nc4 b5 56. Nd6 Bd3 1/2-1/2

[Event "WC-2019-S-00004"]
[Site "LSS email"]
[Date "2019.04.07"]
[Round "?"]
[White "Mueller, Klaus"]
[Black "Szabo, Vilmos"]
[Result "1/2-1/2"]
[WhiteElo "2449"]
[BlackElo "2415"]
[PlyCount "98"]
[EventDate "2019.04.13"]
[EventType "tourn (corr)"]
[EventRounds "12"]
[EventCountry "GER"]
[SourceTitle "Corr 2022"]
[Source "ChessBase"]
[SourceDate "2021.10.24"]
[SourceVersion "1"]
[SourceVersionDate "2021.10.24"]
[SourceQuality "1"]

1. Nf3 Nf6 2. c4 e6 3. g3 d5 4. Bg2 Be7 5. 0-0 0-0 6. d4 dxc4 7. Qc2 a6 8. Qxc4 b5 9. Qc2 Bb7 10. Bd2 Ra7 11. Rc1 Be4 12. Qb3 Nc6 13. e3 Qa8 14. Qd1 b4 15. Qf1 a5 16. Ne1 Rd8 17. f3 Bg6 18. Nd3 Ra6 19. f4 Be4 20. Be1 Bxg2 21. Qxg2 Nd5 22. Qf3 a4 23. Nd2 f5 24. h3 Qb7 25. Qe2 Qb5 26. Nf3 Rb6 27. g4 Bd6 28. Kf2 fxg4 29. hxg4 Nf6 30. Nd2 h5 31. gxh5 Qf5 32. Kg1 Nd5 33. Nf3 Qxh5 34. Bd2 a3 35. b3 e5 36. dxe5 Nxe5 37. fxe5 Be7 38. Rc4 Rg6+ 39. Kf2 Rf8 40. Rf4 Bh4+ 41. Kf1 Nxf4 42. Nxf4 Rxf4 43. exf4 Rg3 44. Qc4+ Kh8 45. Nxh4 Qxh4 46. Be1 Qh1+ 47. Ke2 Qf3+ 48. Kd2 Rg2+ 49. Kc1 Qe3+ 1/2-1/2

[Event "WC-2018-Q-00002"]
[Site "LSS email"]
[Date "2018.09.16"]
[Round "?"]
[White "Mueller, Klaus"]
[Black "Fernandez, Javier Horacio"]
[Result "1-0"]
[WhiteElo "2441"]
[BlackElo "2320"]
[PlyCount "95"]
[EventDate "2018.09.22"]
[EventType "tourn (corr)"]
[EventRounds "12"]
[EventCountry "GER"]
[SourceTitle "Corr 2022"]
[Source "ChessBase"]
[SourceDate "2021.10.24"]
[SourceVersion "1"]
[SourceVersionDate "2021.10.24"]
[SourceQuality "1"]

1. d4 f5 2. Nc3 d5 3. Bf4 a6 4. Nf3 e6 5. e3 Nf6 6. Be2 c5 7. 0-0 b5 8. a3 Bd7 9. Ne5 Nc6 10. h3 c4 11. g4 fxg4 12. hxg4 Bd6 13. g5 Ne4 14. Nxe4 dxe4 15. Bg4 Nxe5 16. dxe5 Bc5 17. Qe2 0-0 18. Rfd1 Qe7 19. b4 cxb3 20. cxb3 a5 21. a4 bxa4 22. bxa4 Kh8 23. Qc4 Ra7 24. Kg2 Rc7 25. Rac1 g6 26. Qa6 Ra7 27. Qxa7 Bxa7 28. Rc7 Rf7 29. Rxa7 Qe8 30. Rd6 Re7 31. Bd1 Kg7 32. Bc2 Bc8 33. Rxa5 Rc7 34. Bb3 Qe7 35. Ra8 Rc1 36. a5 h5 37. a6 Qc7 38. a7 Ra1 39. Rd4 Bd7 40. Ra4 Bxa4 41. Rg8+ Kxg8 42. Bxe6+ Kh7 43. a8Q Qg7 44. Bh3 Qe7 45. e6 Ra3 46. Qxe4 Ra2 47. Qe5 Bc6+ 48. Kg1 1-0

[Event "WC-2018-T-00004"]
[Site "LSS email"]
[Date "2018.06.12"]
[Round "?"]
[White "Mueller, Klaus"]
[Black "Mueller, Michael"]
[Result "1-0"]
[WhiteElo "2441"]
[BlackElo "2345"]
[PlyCount "111"]
[EventDate "2018.06.19"]
[EventType "tourn (corr)"]
[EventRounds "10"]
[EventCountry "GER"]
[SourceTitle "Corr 2022"]
[Source "ChessBase"]
[SourceDate "2021.10.24"]
[SourceVersion "1"]
[SourceVersionDate "2021.10.24"]
[SourceQuality "1"]

1. e4 c6 2. d4 d5 3. e5 Bf5 4. Nf3 e6 5. Be2 Ne7 6. 0-0 c5 7. c4 Nbc6 8. dxc5 dxc4 9. Qa4 Nd5 10. Nd4 Bd3 11. Bxd3 cxd3 12. Nxc6 Qd7 13. Nd2 Bxc5 14. Ne4 Be7 15. Rd1 Rc8 16. Qxa7 Qxc6 17. Qd4 Rd8 18. Bd2 Nc3 19. Qxc3 Qxe4 20. Qc7 Rd7 21. Qc8+ Bd8 22. Qc5 Rd5 23. Qc8 Rb5 24. a3 Rxb2 25. Bb4 Rc2 26. Qb8 Qd5 27. Rab1 h5 28. Bd6 b6 29. Qa7 d2 30. Qa4+ Qc6 31. Qd4 Qc3 32. Qxc3 Rxc3 33. Rxd2 Be7 34. Rdb2 Bd8 35. a4 Rc8 36. g3 h4 37. Rd2 hxg3 38. hxg3 Bg5 39. Rd4 Bd8 40. Rg4 g6 41. Kg2 Rh5 42. Rd4 Rc6 43. a5 bxa5 44. g4 Rh7 45. Rb8 Rb6 46. Ra8 Rb7 47. Bc5 Rd7 48. Rc4 Rd1 49. Bb6 Ke7 50. Be3 Kd7 51. Ra7+ Ke8 52. Rc8 Rhh1 53. Bg5 Rhg1+ 54. Kf3 Rd3+ 55. Ke2 Rd5 56. Rxa5 1-0

[Event "WC-2018-T-00004"]
[Site "LSS email"]
[Date "2018.06.12"]
[Round "?"]
[White "Mueller, Klaus"]
[Black "Ulasevich, Sergey"]
[Result "1/2-1/2"]
[WhiteElo "2441"]
[BlackElo "2528"]
[PlyCount "72"]
[EventDate "2018.06.19"]
[EventType "tourn (corr)"]
[EventRounds "10"]
[EventCountry "GER"]
[SourceTitle "Corr 2022"]
[Source "ChessBase"]
[SourceDate "2021.10.24"]
[SourceVersion "1"]
[SourceVersionDate "2021.10.24"]
[SourceQuality "1"]

1. d4 Nf6 2. c4 g6 3. g3 Bg7 4. Bg2 0-0 5. Nc3 d6 6. Nf3 c6 7. 0-0 Qb6 8. b3 e5 9. Ba3 Rd8 10. Qd2 Na6 11. Rad1 e4 12. Ng5 d5 13. f3 e3 14. Qxe3 h6 15. Nh3 dxc4 16. bxc4 Ne8 17. Kh1 Be6 18. c5 Qa5 19. Ne4 Rxd4 20. Rxd4 Bxd4 21. Qxd4 Qxa3 22. Nhf2 Qxa2 23. Ng4 Bxg4 24. fxg4 Qe6 25. Qd2 Qe7 26. h4 Rd8 27. Qxh6 Nxc5 28. Ng5 Nf6 29. h5 Rd6 30. hxg6 fxg6 31. e4 Ncd7 32. Qxg6+ Qg7 33. Qf5 Nh7 34. Nf3 Rf6 35. Qa5 Qxg4 36. Kh2 Qxe4 1/2-1/2

[Event "WC-2017-S-00002"]
[Site "LSS email"]
[Date "2017.06.07"]
[Round "?"]
[White "Rombaldoni, Denis"]
[Black "Mueller, Klaus"]
[Result "1/2-1/2"]
[WhiteElo "2261"]
[BlackElo "2441"]
[PlyCount "97"]
[EventDate "2017.06.15"]
[EventType "tourn (corr)"]
[EventRounds "12"]
[EventCountry "GER"]
[SourceTitle "Corr 2022"]
[Source "ChessBase"]
[SourceDate "2021.10.24"]
[SourceVersion "1"]
[SourceVersionDate "2021.10.24"]
[SourceQuality "1"]

1. Nf3 Nf6 2. c4 c5 3. d4 cxd4 4. Nxd4 Nc6 5. Nc3 e6 6. Bf4 d5 7. e3 Bb4 8. Nxc6 bxc6 9. Qa4 Bxc3+ 10. bxc3 0-0 11. Bd3 dxc4 12. Qxc4 a5 13. Qd4 c5 14. Qxd8 Rxd8 15. 0-0-0 Bb7 16. Bg5 Kf8 17. f3 c4 18. Be2 Rxd1+ 19. Rxd1 Nd5 20. Bxc4 f6 21. Bf4 Nxc3 22. Bd6+ Kf7 23. Rd3 Nd5 24. Kd2 Ba6 25. Bxd5 exd5 26. Rb3 Rc8 27. g4 Rc6 28. Ba3 d4 29. exd4 Re6 30. Rc3 Re2+ 31. Kc1 Rxa2 32. Bb2 Ra4 33. Rc7+ Kg6 34. Kd2 Rb4 35. Bc3 Rb5 36. Ke3 a4 37. Ra7 Rb6 38. d5 a3 39. Kd4 a2 40. f4 h5 41. f5+ Kh6 42. h3 Rb4+ 43. Kc5 Rc4+ 44. Kb6 Rxc3 45. Rxa6 Rd3 46. Kc6 Rc3+ 47. Kb6 Rd3 48. Kc6 Rc3+ 49. Kb6 1/2-1/2